MARC

LEADER 00000nam0a2200000 4500
001 39733
005 20231031011635.0
035 |a (RuTPU)RU\TPU\book\40608 
090 |a 39733 
100 |a 20020411d1971 k y0rusy50 ca 
101 1 |a rus  |c eng 
102 |a RU 
105 |a a z 001zy 
200 1 |a Основы исследования операций  |e пер. с англ.  |f Р. Л. Акоф, М. В. Сасиени  |g Под ред. И. А. Ушакова 
210 |a Москва  |c Мир  |d 1971 
215 |a 534 с.  |c ил. 
320 |a Библиогр.: списки лит. в конце глав. 
610 1 |a математика 
610 1 |a исследование операций 
610 1 |a операционные задачи 
610 1 |a математический аппарат 
610 1 |a задачи 
610 1 |a теория 
610 1 |a модели 
610 1 |a динамическое программирование 
610 1 |a ИСО 
675 |a 519.8  |v 3 
700 1 |a Акоф  |b Р. Л.  |g Рассел Л. 
701 1 |a Сасиени  |b М. В.  |g Морис В. 
702 1 |a Ушаков  |b И. А.  |4 340 
801 1 |a RU  |b 63413507  |c 20020411  |g PSBO 
801 2 |a RU  |b 63413507  |c 20140211  |g PSBO 
942 |c BK